000 00595nam a2200181Ia 4500
008 090123s9999 xx 000 0 und d
082 _b9243
100 _aसुमित्रा एम.एन.
245 _aज्योतिष चिंतामणी
250 _a1
260 _bडि.व्हि. के
_c1977
300 _a101
600 _aसुमित्रा एम.एन.
630 _aज्योतिष चिंतामणी
700 _aसुमित्रा एम.एन.
730 _aज्योतिष चिंतामणी
942 _cBOOK
999 _c47308
_d47308